Atkins' physical chemistry / (Record no. 7955)
[ view plain ]
| 000 -LEADER | |
|---|---|
| fixed length control field | 01305nac a22003131i 4500 |
| 003 - CONTROL NUMBER IDENTIFIER | |
| control field | EG-ScBUE |
| 005 - DATE AND TIME OF LATEST TRANSACTION | |
| control field | 20250727091807.0 |
| 008 - FIXED-LENGTH DATA ELEMENTS--GENERAL INFORMATION | |
| fixed length control field | 090203s2006 enka f b 001 0 eng d |
| 020 ## - INTERNATIONAL STANDARD BOOK NUMBER | |
| International Standard Book Number | 9780198700722 |
| 040 ## - CATALOGING SOURCE | |
| Original cataloging agency | EG-ScBUE |
| Language of cataloging | eng |
| Description conventions | rda |
| Transcribing agency | EG-ScBUE |
| Modifying agency | EG-ScBUE |
| 082 04 - DEWEY DECIMAL CLASSIFICATION NUMBER | |
| Classification number | 541.3 |
| Item number | ATK |
| Edition number | 22 |
| 100 1# - MAIN ENTRY--PERSONAL NAME | |
| Personal name | Atkins, P. W. |
| Fuller form of name | (Peter William), |
| Dates associated with a name | 1940- |
| Relator term | author. |
| 9 (RLIN) | 9223 |
| 245 10 - TITLE STATEMENT | |
| Title | Atkins' physical chemistry / |
| Statement of responsibility, etc | Peter Atkins, professor of chemistry, University of Oxford, and fellow of Lincoln College, Oxford, Julio De Paula, professor and dean of the College of Arts and Sciences, Lewis and Clark College, Portland, Oregon. |
| 246 30 - VARYING FORM OF TITLE | |
| Title proper/short title | Physical chemistry |
| 250 ## - EDITION STATEMENT | |
| Edition statement | Eighth edition. |
| 264 #1 - PUBLICATION, DISTRIBUTION, ETC. (IMPRINT) | |
| Place of publication, distribution, etc | Oxford : |
| Name of publisher, distributor, etc | Oxford University Press, |
| Date of publication, distribution, etc | 2006. |
| 300 ## - PHYSICAL DESCRIPTION | |
| Extent | xxx, 1064 pages : |
| Other physical details | color illustrations ; |
| Dimensions | 28 cm |
| 336 ## - CONTENT TYPE | |
| Source | rdacontent |
| Content type term | text |
| Content type code | txt |
| 337 ## - MEDIA TYPE | |
| Media type term | unmediated |
| Source | rdamedia |
| Media type code | n |
| 338 ## - CARRIER TYPE | |
| Carrier type term | volume |
| Carrier type code | nc |
| Source | rdacarrier |
| 500 ## - GENERAL NOTE | |
| General note | Includes Appendices.<br/> |
| 504 ## - BIBLIOGRAPHY, ETC. NOTE | |
| Bibliography, etc | Includes bibliographical references and index. |
| 650 #7 - SUBJECT ADDED ENTRY--TOPICAL TERM | |
| Topical term or geographic name as entry element | Chemistry, Physical and theoretical. |
| 9 (RLIN) | 9224 |
| Source of heading or term | BUEsh |
| 653 ## - INDEX TERM--UNCONTROLLED | |
| Arrived date list | October2011 |
| Resource For college | Engineering, Chemical |
| 655 ## - INDEX TERM--GENRE/FORM | |
| Form subdivision | Reading book |
| 700 1# - ADDED ENTRY--PERSONAL NAME | |
| Personal name | De Paula, Julio, |
| 9 (RLIN) | 9225 |
| Relator term | author. |
| 856 ## - ELECTRONIC LOCATION AND ACCESS | |
| Materials specified | Online learning resources |
| Uniform Resource Identifier | <a href="http://www.oxfordtextbooks.co.uk/orc/pchem8e/">http://www.oxfordtextbooks.co.uk/orc/pchem8e/</a> |
| 942 ## - ADDED ENTRY ELEMENTS (KOHA) | |
| Koha item type | Book - Borrowing |
| Source of classification or shelving scheme | Dewey Decimal Classification |
| Withdrawn status | Lost status | Source of classification or shelving scheme | Damaged status | Not for loan | Collection code | Home library | Current library | Shelving location | Date acquired | Source of acquisition | Cost, normal purchase price | Total Checkouts | Full call number | Barcode | Date last seen | Date checked out | Cost, replacement price | Koha item type | Total Renewals | Serial Enumeration / chronology | Checked out | Materials specified (bound volume or other part) | Price effective from |
|---|---|---|---|---|---|---|---|---|---|---|---|---|---|---|---|---|---|---|---|---|---|---|---|
| Dewey Decimal Classification | Alahram | Central Library | Central Library | First floor | 08/02/2014 | Purchase | 185.00 | 1 | 541.3 ATK | 000009719 | 15/07/2025 | 20/09/2010 | 231.25 | Book - Borrowing | |||||||||
| Dewey Decimal Classification | unknown | Central Library | Central Library | First floor | 03/02/2009 | Purchase | 1 | 541.3 ATK | 000002848 | 15/07/2025 | 07/10/2010 | Book - Borrowing | 16 | ||||||||||
| Dewey Decimal Classification | Alahram | Central Library | Central Library | First floor | 03/02/2009 | Purchase | 331.40 | 2 | 541.3 ATK | 000014544 | 15/07/2025 | 25/09/2019 | Book - Borrowing | 5 | 6481 | ||||||||
| Dewey Decimal Classification | Baccah | Central Library | Central Library | First floor | 05/11/2009 | Purchase | 7 | 541.3 ATK | 000018797 | 15/07/2025 | 27/10/2011 | Book - Borrowing | 5 | ||||||||||
| Dewey Decimal Classification | Baccah | Central Library | Central Library | First floor | 05/11/2009 | Purchase | 5 | 541.3 ATK | 000018819 | 15/07/2025 | 16/12/2010 | NB - Book (Non borrowing) | |||||||||||
| Dewey Decimal Classification | Baccah | Central Library | Central Library | First floor | 12/10/2011 | Purchase | 541.3 ATK | 000025433 | 15/07/2025 | Book - Borrowing | |||||||||||||
| Dewey Decimal Classification | Baccah | Central Library | Central Library | First floor | 12/10/2011 | Purchase | 1 | 541.3 ATK | 000025434 | 27/09/2016 | 27/09/2016 | Book - Borrowing | 5 | 16/02/2022 | |||||||||
| Dewey Decimal Classification | Baccah | Central Library | Central Library | First floor | 12/10/2011 | Purchase | 1 | 541.3 ATK | 000025435 | 15/07/2025 | 11/11/2013 | Book - Borrowing | |||||||||||
| Lost | Dewey Decimal Classification | Baccah | Central Library | Central Library | First floor | 12/10/2011 | Purchase | 541.3 ATK | 000025436 | 11/06/2024 | Book - Borrowing | Lost In Inventory 15-7-2025 | |||||||||||
| Dewey Decimal Classification | Baccah | Central Library | Central Library | First floor | 12/10/2011 | 3 | 541.3 ATK | 000025437 | 15/07/2025 | 23/09/2019 | Book - Borrowing | 16 | 12/10/2011 |